000 00728nam a22002175i 4500
001 177609
003 ES-MaACL
005 20250809031528.0
008 110406s1971 sp |||| | spa d
080 _a347.7(035)
100 1 _aIzquierdo Montoro, Elías.
_9146012
245 1 0 _aTemas de derecho mercantil /
_cpor Elías Izquierdo Montoro.
260 _aMadrid :
_bMontecorvo,
_c1971.
300 _a1063 p. ;
_c25 cm.
490 1 _aMonografías. Colección de estudios jurídicos ;
_v30
504 _aBibliografía.
650 7 _aDerecho mercantil
_2embne
_9135891
830 0 _aMonografías. Colección de estudios jurídicos ;
_v30
_9190484
852 _aES-MaACL
_jE-14813
_xOlim P-860-bis
999 _c177609
_d177609